[Event "Voronezh Winter Rating op"]
[Site "Voronezh"]
[Date "2015.01.22"]
[Round "4"]
[White "Dmitriev, Dmitry"]
[Black "Kolybelkin, Oleg"]
[Result "1-0"]
[WhiteElo "1923"]
[BlackElo "1760"]
[PlyCount "84"]
[EventDate "2015.01.17"]
[EventType "swiss"]
[EventRounds "9"]
[EventCountry "RUS"]
[SourceTitle "EXT 2017"]
[Source "ChessBase"]
[SourceDate "2016.10.25"]
[SourceVersion "1"]
[SourceVersionDate "2016.10.25"]
[SourceQuality "1"]

1. e4 e5 2. Nc3 Nf6 3. Nf3 Nc6 4. Bb5 d6 5. Bxc6+ bxc6 6. d4 exd4 7. Qxd4 c5 8. Qd3 Be7 9. Bg5 0-0 10. 0-0 Be6 11. Rad1 Nh5 12. Bxe7 Qxe7 13. Qe3 f6 14. Nd5 Qf7 15. b3 g5 16. c4 Rae8 17. Rfe1 h6 18. g3 Bh3 19. Qd3 Re6 20. Kh1 f5 21. e5 f4 22. exd6 cxd6 23. Rxe6 Qxe6 24. gxf4 Bf5 25. Qxf5 Qxf5 26. Ne7+ Kg7 27. Nxf5+ Rxf5 28. Rxd6 Nxf4 29. Ra6 Nh3 30. Kg2 g4 31. Rxa7+ Kf6 32. Ra6+ Kg7 33. Nh4 Rxf2+ 34. Kg3 h5 35. a4 Rb2 36. Rb6 Ng1 37. Nf5+ Kh7 38. a5 Ne2+ 39. Kh4 Nd4 40. Nxd4 Rxh2+ 41. Kg5 cxd4 42. a6 g3 1-0

[Event "Voronezh op-B 18th"]
[Site "Voronezh"]
[Date "2014.06.18"]
[Round "7"]
[White "Dmitriev, Dmitry"]
[Black "Astakhov, Alexander"]
[Result "1-0"]
[WhiteElo "1945"]
[BlackElo "1751"]
[PlyCount "71"]
[EventDate "2014.06.12"]
[EventType "swiss"]
[EventRounds "9"]
[EventCountry "RUS"]
[SourceTitle "EXT 2015"]
[Source "ChessBase"]
[SourceDate "2014.11.20"]
[SourceVersion "1"]
[SourceVersionDate "2014.11.20"]
[SourceQuality "1"]

1. e4 Nf6 2. e5 Nd5 3. d4 d6 4. c4 Nb6 5. f4 dxe5 6. fxe5 Bf5 7. Be3 e6 8. Nc3 Nc6 9. Nf3 Bb4 10. a3 Bxc3+ 11. bxc3 0-0 12. Be2 Na5 13. c5 Nd5 14. Bd2 Nc6 15. 0-0 f6 16. c4 Nde7 17. exf6 Rxf6 18. Bc3 Rf8 19. Nh4 Be4 20. Bd3 Nf5 21. Nxf5 Bxf5 22. Bxf5 Rxf5 23. Rxf5 exf5 24. d5 Ne7 25. Qd4 Qf8 26. Rb1 Rb8 27. d6 cxd6 28. cxd6 Nc6 29. Qd5+ Kh8 30. Rf1 Qe8 31. Re1 Qd7 32. Re6 Re8 33. Rxe8+ Qxe8 34. Qxf5 Qe3+ 35. Kf1 Qc1+ 36. Kf2 1-0

[Event "Voronezh op-B 18th"]
[Site "Voronezh"]
[Date "2014.06.15"]
[Round "4"]
[White "Provkin, Vladimir"]
[Black "Dmitriev, Dmitry"]
[Result "1-0"]
[WhiteElo "2149"]
[BlackElo "1945"]
[PlyCount "59"]
[EventDate "2014.06.12"]
[EventType "swiss"]
[EventRounds "9"]
[EventCountry "RUS"]
[SourceTitle "EXT 2015"]
[Source "ChessBase"]
[SourceDate "2014.11.20"]
[SourceVersion "1"]
[SourceVersionDate "2014.11.20"]
[SourceQuality "1"]

1. d4 Nf6 2. Bg5 Ne4 3. Bf4 d5 4. f3 Nf6 5. e4 e6 6. e5 Nfd7 7. Be3 c5 8. c3 Nc6 9. f4 Qb6 10. Qd2 Be7 11. Nf3 f6 12. Bd3 cxd4 13. cxd4 Nb4 14. Be2 g5 15. 0-0 g4 16. Ne1 f5 17. Nc3 Nf8 18. a3 Nc6 19. b4 Bd7 20. Nd3 Ng6 21. Nc5 Qc7 22. Rfc1 Rd8 23. N3a4 Bxc5 24. Nxc5 b6 25. Na6 Qb7 26. b5 Na5 27. Rc7 Qa8 28. Qb4 Nc4 29. Rxc4 Kf7 30. Rc7 1-0

[Event "Voronezh Rating op 03-B"]
[Site "Voronezh"]
[Date "2014.03.25"]
[Round "4"]
[White "Abramova, Yulia"]
[Black "Dmitriev, Dmitry"]
[Result "1-0"]
[WhiteElo "1935"]
[BlackElo "1976"]
[PlyCount "53"]
[EventDate "2014.03.20"]
[EventType "swiss"]
[EventRounds "9"]
[EventCountry "RUS"]
[SourceTitle "EXT 2015"]
[Source "ChessBase"]
[SourceDate "2014.11.20"]
[SourceVersion "1"]
[SourceVersionDate "2014.11.20"]
[SourceQuality "1"]

1. e4 e5 2. Nf3 Nc6 3. d4 exd4 4. Nxd4 Qf6 5. Nxc6 Bc5 6. Qd2 dxc6 7. Qf4 Qe7 8. Bd3 Be6 9. 0-0 0-0-0 10. Be3 Bd4 11. Bxd4 Rxd4 12. Qe3 c5 13. c3 Rd8 14. Na3 Nf6 15. f3 Rhe8 16. Rfd1 h6 17. Bc4 Nd7 18. Qf2 g5 19. Re1 Ne5 20. Bxe6+ Qxe6 21. Red1 b6 22. Qe2 Kb7 23. b3 Rxd1+ 24. Rxd1 f5 25. exf5 Qxf5 26. Nc4 Re7 27. Na5+ 1-0